| 000 | 00444nam a2200169Ia 4500 | ||
|---|---|---|---|
| 005 | 20250923144544.0 | ||
| 008 | 008 250917s9999 xx 000 0 eng d | ||
| 037 | _aTextual | ||
| 040 |
_aDSWL _beng _cDSWL |
||
| 041 |
_aeng _2eng |
||
| 084 | _qDSWL | ||
| 245 | 0 | _aAngul district gazetters statistics 1900-1901,1910-1911 | |
| 260 |
_aPatna _bCity Darbar Press _c1916 |
||
| 300 | _a37 p. | ||
| 942 | _cTEXL | ||
| 999 |
_c1440438 _d1440438 |
||